000 00559nam a2200229Ia 4500
003 OSt
005 20240507141557.0
008 210210b1929 xxu||||| |||| 00| 0 eng d
040 _aAL
_c
041 _aeng
082 _a823/348
100 _aSHAKESPEARE (William)
_924535
245 _aAlls well that ends well
260 _aCambridge
_bAt the University Press
_c1929
650 _awell
_924536
650 _athat
_924537
650 _aends
_924538
650 _aAlls
_924539
690 _aEnglish Drama
_924540
906 _a013892
942 _2ddc
_cBK
999 _c132961
_d132961